| 000 | 01046cpcaa2200277 a 4500 | ||
|---|---|---|---|
| 001 | mm 79005758 | ||
| 003 | DLC | ||
| 005 | 20260227111652.0 | ||
| 008 | 790802|||||||||||| fre | ||
| 010 | _amm 79005758 | ||
| 040 |
_aDLC _cDLC _edacs _dDLC |
||
| 072 | 7 |
_aL _2lcmd |
|
| 100 | 1 |
_aLoti, Pierre, _d1850-1923. |
|
| 245 | 0 | 0 |
_aL'histoire du Spahi : _kliterary manuscript, _fcirca 1873-1874. |
| 300 |
_a1 _fvolume (39 pages). |
||
| 506 | 0 | _aOpen to research. | |
| 520 | 8 | _aFacsimile of a literary manuscript entitled, "L'Histoire du Spahi" (The Story of the Turkish Cavalier). | |
| 545 | 0 | _aFrench author and naval officer. Real name: Julien Viaud. | |
| 546 | _aCollection material in French. | ||
| 580 | _aForms part of: Miscellaneous Manuscripts collection. | ||
| 650 | 0 | _aFrench literature. | |
| 656 | 7 |
_aAuthors. _2itoamc |
|
| 656 | 7 |
_aNaval officers, French. _2itoamc |
|
| 999 |
_c42000 _d42000 |
||